<?xml version="1.0" encoding="UTF-8"?>
<record
    xmlns:xsi="http://www.w3.org/2001/XMLSchema-instance"
    xsi:schemaLocation="http://www.loc.gov/MARC21/slim http://www.loc.gov/standards/marcxml/schema/MARC21slim.xsd"
    xmlns="http://www.loc.gov/MARC21/slim">

  <leader>00661nam a22002177a 4500</leader>
  <controlfield tag="001">85753</controlfield>
  <controlfield tag="003">BD-RjUL</controlfield>
  <controlfield tag="005">20250928105543.0</controlfield>
  <controlfield tag="008">250928s1966    pk ||||| |||| 00| 0 urd d</controlfield>
  <datafield tag="035" ind1=" " ind2=" ">
    <subfield code="a">(BD-RjUL)85753</subfield>
  </datafield>
  <datafield tag="040" ind1=" " ind2=" ">
    <subfield code="a">BD-RjUL</subfield>
    <subfield code="b">eng</subfield>
    <subfield code="c">BD-RjUL</subfield>
  </datafield>
  <datafield tag="041" ind1=" " ind2=" ">
    <subfield code="a">urd</subfield>
  </datafield>
  <datafield tag="082" ind1=" " ind2=" ">
    <subfield code="2">23</subfield>
    <subfield code="a">297.63</subfield>
    <subfield code="b">AHA 1966</subfield>
  </datafield>
  <datafield tag="245" ind1="1" ind2="0">
    <subfield code="a">&#x627;&#x633;&#x648;&#x647; &#x62D;&#x633;&#x646;&#x647;  ;; asuh hasanah /</subfield>
    <subfield code="c">&#x62D;&#x645;&#x64A;&#x62F; &#x627;&#x62D;&#x645;&#x62F; &#x62E;&#x627;&#x646; ;; Hamid Ahmed Khan</subfield>
  </datafield>
  <datafield tag="260" ind1=" " ind2=" ">
    <subfield code="a">Lahore :</subfield>
    <subfield code="b"> Kitabiat , </subfield>
    <subfield code="c">1966</subfield>
  </datafield>
  <datafield tag="300" ind1=" " ind2=" ">
    <subfield code="a">78 p. ;</subfield>
    <subfield code="c">17 cm</subfield>
  </datafield>
  <datafield tag="650" ind1=" " ind2=" ">
    <subfield code="a"> &#x60C; &#x627;&#x62E;&#x644;&#x627;&#x642; &#x646;&#x628;&#x648;&#x6CC; &#xFDFA;  &#x60C;</subfield>
    <subfield code="9">16969</subfield>
  </datafield>
  <datafield tag="650" ind1=" " ind2=" ">
    <subfield code="a">&#x633;&#x6CC;&#x631;&#x62A; &#x627;&#x644;&#x646;&#x628;&#x6CC; &#xFDFA; &#x60C; </subfield>
    <subfield code="9">16970</subfield>
  </datafield>
  <datafield tag="650" ind1=" " ind2=" ">
    <subfield code="a"> &#x60C; &#x627;&#x633;&#x644;&#x627;&#x645;&#x6CC; &#x62A;&#x639;&#x644;&#x6CC;&#x645;&#x627;&#x62A;</subfield>
    <subfield code="9">16971</subfield>
  </datafield>
  <datafield tag="942" ind1=" " ind2=" ">
    <subfield code="2">ddc</subfield>
    <subfield code="c">BK</subfield>
  </datafield>
  <datafield tag="999" ind1=" " ind2=" ">
    <subfield code="c">85753</subfield>
    <subfield code="d">85753</subfield>
  </datafield>
  <datafield tag="952" ind1=" " ind2=" ">
    <subfield code="0">0</subfield>
    <subfield code="1">0</subfield>
    <subfield code="2">ddc</subfield>
    <subfield code="4">0</subfield>
    <subfield code="7">1</subfield>
    <subfield code="8">NFIC</subfield>
    <subfield code="a">RUCL</subfield>
    <subfield code="b">RUCL</subfield>
    <subfield code="c">Reading</subfield>
    <subfield code="d">2025-09-28</subfield>
    <subfield code="l">0</subfield>
    <subfield code="o">U 297.63 AHA 1966</subfield>
    <subfield code="r">2025-09-28 00:00:00</subfield>
    <subfield code="t">C-1</subfield>
    <subfield code="w">2025-09-28</subfield>
    <subfield code="y">BK</subfield>
  </datafield>
</record>
